header

100 years of subatomic physics (Record no. 35959)

MARC details
000 -LEADER
fixed length control field 01475nam a2200361 a 4500
082 04 - DEWEY DECIMAL CLASSIFICATION NUMBER
Classification number 539.7/2
100 1# - MAIN ENTRY--AUTHOR NAME
Personal name Henley, Ernest M.
245 10 - TITLE STATEMENT
Title 100 years of subatomic physics
260 ## - PUBLICATION, DISTRIBUTION, ETC. (IMPRINT)
Place of publication Singapore ;
-- Hackensack, N.J. :
Name of publisher World Scientific,
Year of publication 2013.
300 ## - PHYSICAL DESCRIPTION
Number of Pages viii, 550 p. :
Other physical details ill. (some col.)
505 0# - FORMATTED CONTENTS NOTE
Formatted contents note pt. 1. Nuclear physics -- pt. 2. Particle physics.
650 #0 - SUBJECT ADDED ENTRY--TOPICAL TERM
Topical Term Particles (Nuclear physics)
700 1# - ADDED ENTRY--PERSONAL NAME
Personal name Ellis, Stephen D.,
856 40 - ELECTRONIC LOCATION AND ACCESS
Uniform Resource Identifier http://site.ebrary.com/lib/rucke/Doc?id=10742819

No items available.

© 2026 Rongo University
Contact us: librarian | system librarian | Rongo university